000 00646nam a2200277Ia 4500
005 20260324133452.0
008 008 260324s9999 xx 000 0 eng d
020 _a9781315214429
037 _aEBOOK
040 _aCRL
040 _beng
040 _cCRL
041 _2eng
041 _aeng
084 _qCRL
100 _aD. Subbaram Naidu; Richard C. Dorf
_91193211
245 0 _aOptimal Control Systems
260 _bTaylor and Francis
260 _c2003
365 _a
365 _b305
856 _uhttp://www.taylorfrancis.com/books/9781315214429
942 _cEBOOK
999 _c1792267
_d1792267